Dominion-Provincial conference on Reconstruction: proposals of the Government of Canada (Record no. 488895)

000 -LEADER
fixed length control field 00383cam a22001097a 4500
008 - FIXED-LENGTH DATA ELEMENTS--GENERAL INFORMATION
fixed length control field 180718b1945 xxu||||| |||| 00| 0 eng d
082 ## - DEWEY DECIMAL CLASSIFICATION NUMBER
Classification number B811x73 C16c/45a
100 ## - MAIN ENTRY--PERSONAL NAME
Personal name Canada. Cabinet Committee on Dominion Provincial Relations
245 ## - TITLE STATEMENT
Title Dominion-Provincial conference on Reconstruction: proposals of the Government of Canada
260 ## - PUBLICATION, DISTRIBUTION, ETC.
Place of publication, distribution, etc. Ottawa
Name of publisher, distributor, etc. The author
Date of publication, distribution, etc. 1945
300 ## - PHYSICAL DESCRIPTION
Extent 52p.
Holdings
Withdrawn status Lost status Damaged status Not for loan Permanent Location Current Location Date acquired Full call number Barcode Date last seen Price effective from Koha item type
        Indian Institute of Public Administration Indian Institute of Public Administration 2018-08-04 B811x73 C16c/45a GR4683 2018-08-04 2018-08-04 GR

Powered by Koha